En que piensa una cabeza recien cortada / (Registro nro. 30672)

Detalles MARC
000 -LEADER
fixed length control field 00287nam a22000977a 4500
008 - FIXED-LENGTH DATA ELEMENTS--GENERAL INFORMATION
fixed length control field 240220b |||||||| |||| 00| 0 eng d
082 ## - DEWEY DECIMAL CLASSIFICATION NUMBER
Classification number A-N
Item number QUEE
100 10 - MAIN ENTRY--PERSONAL NAME
Personal name Quezadas, Juan Carlos
Relator term autor
9 (RLIN) 42594
245 ## - TITLE STATEMENT
Title En que piensa una cabeza recien cortada /
Statement of responsibility, etc. Juan Carlos Quezadas
942 ## - ADDED ENTRY ELEMENTS (KOHA)
Source of classification or shelving scheme Dewey Decimal Classification
Existencias
Withdrawn status Lost status Source of classification or shelving scheme Damaged status Not for loan Home library Current library Shelving location Date acquired Total Checkouts Full call number Barcode Date last seen Copy number Price effective from Koha item type Public note
    Dewey Decimal Classification     Biblored Biblioteca Pública José María del Castillo y Rada Fiction 02/16/2024   A-N QUEE 35714005461670 02/20/2024 Ej.1 02/20/2024 Books Material Interbibliotecario BibloRed